| 000 | 00751cam a22002171 4500 | ||
|---|---|---|---|
| 001 | gs 17000020 | ||
| 003 | DLC | ||
| 005 | 20260227111320.0 | ||
| 008 | 740108s1916 onc f000 0 eng c | ||
| 010 | _ags 17000020 | ||
| 035 | _a(OCoLC)771522 | ||
| 040 |
_aLibrary, U.S. Geological Survey _cNhD _dOCoLC _dNSbSU _dDLC |
||
| 042 | _apremarc | ||
| 050 | 0 | 0 |
_aE59.C5 _bS24 |
| 100 | 1 |
_aSapir, Edward, _d1884-1939. |
|
| 245 | 1 | 0 |
_aTime perspective in aboriginal American culture, _ba study in method, _cby E. Sapir. |
| 260 |
_aOttawa, _bGovernment Printing Bureau, _c1916. |
||
| 300 |
_a1 p. l., ii, 87 p. _c25 cm. |
||
| 490 | 1 |
_aCanada. Geological Survey. Memoir 90. Anthropological series, _vno. 13 |
|
| 830 | 0 |
_aMemoir (Geological Survey of Canada) ; _v90 |
|
| 999 |
_c25731 _d25731 |
||